000 02224nam a2200253Ia 4500
003 Ost
005 20260507075003.0
008 260507s9999||||xx |||||||||||||| ||und||
020 _a9957116754
040 _cfsecg
041 _aara
082 _a658
100 _aالعامري، صالح مهدي محسن
_eمؤلف
245 0 _aالإدارة والأعمال /
_c صالح مهدي محسن العامري
260 _aعمان:
_bدار وائل للنشر والتوزيع,
_c2007
300 _a662 صفحة؛
_bإيضاحات ؛
_c24 سم
504 _aبيبليوغرافيا: ص.660 -662
520 _aيضم هذا الكتاب : الباب الأول : مدخل إلى الادارة مفاهيم الادارة والاعمال في عالم واحد ، الادارة بين الماضي والحاضر ،أخلاقيات الاعمال والمسؤولية الاجتماعية للمنظمات الباب الثاني : بيئة الإدارة والأعمال البيئة ثقافة المنظمة والتنوع ، ادارة الاعمال في ظل العولمة ، الربادة والابداع والاعمال الصغيرة الباب الثالث : التخطيط واتخاذ القرار التخطيط وصياغة الاهداف ، الرقابة ، الادارة الاستراتيجية، اتخاذ القرارات ودور تكنولوجيا المعلومات الباب الرابع : التنظيم أساسيات التنظيم ، تصميم المنظمات ، التغير والتطور في المنظمات الباب الخامس : القيادة أساسيات القيادة ، التحفيز وبناء فرق العمل ، الاتصالات الباب السادس : وظائف المنظمة إدارة الانتاج والعمليات ، التسويق ، إدارة الموارد البشرية ، الادارة المالية والمحاسبية ، وظائف منظمية أخرى الباب الخامس القيادة
653 _aإدارة
653 _aإدارة الأعمال
653 _aالمنظمة
700 _aالغالبي، طاهر محسن منصور
_eمؤلف ثانوي
942 _cكتاب
999 _c42091
_d42091